| 000 | 00752nam a2200193 i 4500 | ||
|---|---|---|---|
| 001 | 75555 | ||
| 003 | ES-MaACL | ||
| 005 | 20230906172514.0 | ||
| 007 | t| | ||
| 008 | 040924s1916 xxk ||||1| spa d | ||
| 100 | 1 |
_aGrey de Fallodon, Edward Grey _cVizconde ( _d1862-1933) _959971 |
|
| 245 | 1 | 4 |
_aLas medidas de la Gran Bretaña contra el comercio alemán _b: discurso.. por Edward Grey, Ministro de Estado en la Cámara de los Comunes el 26 de enero de 1916. |
| 260 |
_aLondres : _bThomas Nelson & Sons ], _c1916. |
||
| 300 |
_a34 p. ; _c18 cm. |
||
| 650 | 0 | 4 |
_aGuerra mundial, 1914-1918- _xAspectos económicos. _913213 |
| 650 | 4 |
_aGuerra mundial, 1914-1918- _zGran Bretaña. _9141633 |
|
| 852 |
_aES-MaACL _j1548-F-2 |
||
| 852 |
_aES-MaACL _j1588-F-10 |
||
| 999 |
_c75555 _d75555 |
||